Movies to Main Characters - Statistics

General Stats
  • This quiz has been taken 37 times
  • The average score is 7 of 10
Answer Stats
Movie Main Character % Correct
Pirates of the Caribbean Jack Sparrow
97%
Spider Man Peter Parker
97%
Iron Man Tony Stark
94%
The Batman Bruce Wayne
91%
Back to the Future Marty McFly
88%
American Psycho Patrick Bateman
74%
Fight Club Tyler Durden
71%
The Wolf of Wall Street Jordan Belfort
35%
Inception Cobb
21%
Interstellar Cooper
18%
No matching quizzes found
Score Distribution
Percent of People with Each Score
Percentile by Number Answered
Your Score History
You have not taken this quiz